Tactical missile design + CD (Record no. 301295)
[ view plain ]
| 000 -LEADER | |
|---|---|
| fixed length control field | 00393 a2200145 4500 |
| 001 - CONTROL NUMBER | |
| control field | 66222 |
| 082 ## - DEWEY DECIMAL CLASSIFICATION NUMBER | |
| Classification number | 623.4519 FLE |
| 090 ## - LOCALLY ASSIGNED LC-TYPE CALL NUMBER (OCLC); LOCAL CALL NUMBER (RLIN) | |
| -- | 38510 |
| -- | 38510 |
| 100 ## - MAIN ENTRY--PERSONAL NAME | |
| Personal name | Fleeman, Eugene L. |
| 245 ## - TITLE STATEMENT | |
| Title | Tactical missile design + CD |
| Remainder of title | presentation, videos and spreadsheet |
| 250 ## - EDITION STATEMENT | |
| Edition statement | 1 |
| 260 ## - PUBLICATION, DISTRIBUTION, ETC. | |
| Place of publication, distribution, etc. | Reston Virginia |
| Name of publisher, distributor, etc. | AAIA Education series |
| Date of publication, distribution, etc. | 2001 |
| 300 ## - PHYSICAL DESCRIPTION | |
| Extent | xvii, 267 p |
| Accompanying material | CD |
| 500 ## - GENERAL NOTE | |
| General note | CD/DVD |
| 942 ## - ADDED ENTRY ELEMENTS (KOHA) | |
| Institution code [OBSOLETE] | NUST-CAE |
| Call number prefix | 623.4519 FLE |
| Withdrawn status | Lost status | Damaged status | Not for loan | Collection code | Permanent Location | Current Location | Date acquired | Total Checkouts | Full call number | Barcode | Date last seen | Price effective from | Koha item type |
|---|---|---|---|---|---|---|---|---|---|---|---|---|---|
| College of Aeronautical Engineering (CAE) | College of Aeronautical Engineering (CAE) | 04/03/2017 | 623.4519 FLE | CAEN-827 | 04/05/2017 | 04/05/2017 | Book |
